Công trình thu nước trạm bơm cấp thoát nước

Sách gồm 2 phần: Công trình thu nước và trạm bơm, trình bày những kiến thức cơ bản về các loại nguồn nước và các loại công trình thu nước tương ứng, đồng thời giới thiệu từng loại trạm bơm sử dụng trong hệ thống câps, thoát nước....

Ful tanımlama

Kaydedildi:
Detaylı Bibliyografya
Yazar: Lê, Dung
Materyal Türü: Kitap
Dil:Undetermined
Baskı/Yayın Bilgisi: Hà Nội Xây dựng 2009
Konular:
Etiketler: Etiketle
Etiket eklenmemiş, İlk siz ekleyin!
Thư viện lưu trữ: Trung tâm Học liệu Trường Đại học Cần Thơ
LEADER 01084nam a2200229Ia 4500
001 CTU_180706
008 210402s9999 xx 000 0 und d
020 |c 56000 
082 |a 628.144 
082 |b D513 
100 |a Lê, Dung 
245 0 |a Công trình thu nước trạm bơm cấp thoát nước 
245 0 |c Lê Dung 
260 |a Hà Nội 
260 |b Xây dựng 
260 |c 2009 
520 |a Sách gồm 2 phần: Công trình thu nước và trạm bơm, trình bày những kiến thức cơ bản về các loại nguồn nước và các loại công trình thu nước tương ứng, đồng thời giới thiệu từng loại trạm bơm sử dụng trong hệ thống câps, thoát nước. 
526 |a Kỹ thuật xử lý nước thải và nước cấp nâng cao 
526 |b MT681 
650 |a Water-supply engineering,Công nghệ cấp thoát nước 
910 |a Nguyên 
980 |a Trung tâm Học liệu Trường Đại học Cần Thơ